Political Parties in the House of Representatives (Japan) - Statistics

General Stats
  • This quiz has been taken 58 times
    54 since last reset
  • The average score is 5 of 8
Answer Stats
Seats Political Position Answer % Correct
261 Right-wing Liberal Democratic Party
98%
10 Left-wing to far-left Japanese Communist Party
79%
32 Centre-right Komeito
74%
96 Centre-left Constitutional Democratic Party
64%
41 Right-wing Japan Innovation Party (Ishin)
52%
3 Left-wing Reiwa Shinsengumi
52%
11 Centre-right Democratic Party for the People
43%
1 Centre-left Social Democratic Party
40%
No matching quizzes found
Score Distribution
Percent of People with Each Score
Percentile by Number Answered
Your Score History
You have not taken this quiz since the last reset